| Поле | Инд. | ПП | Название | Значение |
|---|---|---|---|---|
| Тип записи | a | |||
| Библиографический уровень | m | |||
| 001 | Контрольный номер | 92aaf3f4-12e6-436e-a3c8-c42d1b6ce3d2 | ||
| 005 | Дата корректировки | 20140703173752.2 | ||
| 008 | Кодируемые данные | 081204 | ||
| 020 | c | Цена, тираж | б/ц | |
| 040 | a | Служба первич. каталог. | НБ ТвГУ | |
| 041 | a | Код языка текста | rus | |
| 080 | a | Индекс УДК | 1(470)(092)(043.3) | |
| a | Индекс УДК | 316.346.2(043.3) | ||
| a | Индекс УДК | 929Розанов | ||
| 084 | a | Индекс другой классификации/Индекс ББК | Ю3(2)61-63я031 | |
| a | Индекс другой классификации/Индекс ББК | С542.2я031 | ||
| 090 | x | Авторский знак | П30 | |
| a | Полочн. индекс | Ю3(2)61 | ||
| 100 | 1_ | a | Автор | Петракова Ирина Николаевна |
| 245 | 10 | a | Заглавие | Проблема пола в философии В. В. Розанова |
| b | Продолж. заглавия | автореф. дис. ... канд. филос. наук : 09.00.03 | ||
| c | Ответственность | ГОУ ВПО "Тул. гос. ун-т", Каф. философии | ||
| 260 | 1_ | a | Место издания | Москва |
| c | Дата издания | 2008 | ||
| 300 | a | Объем | 25 с. | |
| 500 | a | Примечание | На правах рукоп. | |
| 504 | a | Библиография | Библиогр. в конце кн. и в подстроч. примеч. | |
| 583 | a | Действие | Получение впервые 302 03.12.2008 | |
| 650 | a | Основная рубрика | Розанов, Василий Васильевич, о нем | |
| 650 | a | Основная рубрика | Философия | |
| x | Основная подрубрика | История | ||
| y | Хронологическая подрубрика | 19-20 вв. | ||
| z | Географическая подрубрика | Россия | ||
| 650 | a | Основная рубрика | Русская философия | |
| 650 | a | Основная рубрика | Гендерные общности | |
| 653 | a | Ключевые слова | Розанов | |
| a | Ключевые слова | Русская философия | ||
| a | Ключевые слова | История философии | ||
| a | Ключевые слова | Философия | ||
| a | Ключевые слова | Проблема пола в философии | ||
| a | Ключевые слова | Гендерные общности | ||
| a | Ключевые слова | Авторефераты | ||
| a | Ключевые слова | Персоналии | ||
| 852 | t | Порядковый номер экземпляра | 1 | |
| p | Инвентарный номер | б/н | ||
| 888 | a | Бесплатные | ||
| 930 | a | Новая/Ретро | персоналии | |
| a | Новая/Ретро | авторефераты | ||
| 952 | p | 302.2008 б/ц 1 б/н | ||
| c | Вид литературы | А/Р н | ||
| 954 | a | Дата поступления на обработку | 20090407 | |
| 999 | a | Подразделение 2 | ч.з. |